00665nam a2200241 a 4500001001300000003000900013005001700022008004100039020000800080082001600088100002300104245001900127260003200146300000900178500003500187505001000222650002600232700002300258902000800281942000700289952011200296999001500408nice12345678IN_TiNIC20260116011918.0050524s0000 dela grp 000 0 urd  ac500a297.32bTHA aThanwi, Ashraf Ali aAamal-I-Qurani aDelhibTaj Publishersc0000 a160p aincludes index and biblioraphy2 aIndex aIslam-Prayers-quranic1 aThanwi, Ashraf Ali bSRS cBK 001040708StackRoom-aHMIbHMId2008-03-14g5.00l0o297.32 THAp08972r2008-03-14v5.00w2005-05-24yBK c4891d4891